A history of American foreign policy /

Bibliographic Details
Main Author: Latané, John Holladay, 1869-1932
Format: Book
Language:English
Published: Garden City, N.Y. : Doubleday, Doran & company, 1927.
Subjects:

MARC

Tag First Indicator Second Indicator Subfields
LEADER 00000cam a2200000 4500
001 in00000067637
005 20151008050148.0
008 720310s1927 nyu 00000 eng u
010 |a  27004530  
035 |a (OCoLC)00260487 
035 |9 AAF9945AM 
040 |c YNG  |d TXA  |d UtOrBLW 
049 |a TXAM  |c 1 [34941]  |c 2 [32800] 
050 0 |a JX1407  |b .L33 
090 |a JZ1480  |b .L37 1927 
092 |a 327.73  |b L351h 
100 1 |a Latané, John Holladay,  |d 1869-1932. 
245 1 2 |a A history of American foreign policy /  |c by John Holladay Latane... 
264 1 |a Garden City, N.Y. :  |b Doubleday, Doran & company,  |c 1927. 
300 |a xiv pages, 725 pages 
336 |a text  |b txt  |2 rdacontent 
337 |a unmediated  |b n  |2 rdamedia 
338 |a volume  |b nc  |2 rdacarrier 
500 |a "Notes on sources": p.ix-xiv. 
651 0 |a United States  |x Foreign relations. 
999 |a MARS 
999 f f |s 9bc6c784-6ce0-35e7-8fa6-18e415d738d0  |i d825a829-6c0e-387d-9980-70d34603cbba  |t 0 
952 f f |p ric  |a Texas A&M University  |b Rellis Campus  |c Joint Library Facility  |d Remote Storage  |t 0  |e JZ1480 .L37 1927  |h Library of Congress classification  |i unmediated -- volume  |m A14800678703 
998 f f |a JZ1480 .L37 1927  |t 0  |l Remote Storage